000 00269nam a2200109 4500
008 160624b xxu||||| |||| 00| 0 eng d
100 _9920
_a Baez, K.H
245 _aSamuel Morris
260 _aOhio
_b Barbour Pub.Inc.
_cMCMXVC
300 _aSamuel Morris
942 _2ddc
_cBK
999 _c731
_d731